Manažment znalostí v podnikovej sfére

Kontroverznosť teórie v histórii manažmentu. Nejasné používanie terminológie. Hodnotový reťazec znalostného a rozhodovacieho procesu. Znalosti, inovácie, konkurencieschopnosť. Firemná kultúra a zdielanie znalostí. Reálne možnosti riadenia znalostí vo firemnej praxi.

Gespeichert in:
Bibliographische Detailangaben
1. Verfasser: Diačiková, Anna
Format: Buchkapitel
Sprache:Slowakisch
Schlagworte:
Tags: Tag hinzufügen
Keine Tags, Fügen Sie das erste Tag hinzu!

MARC

LEADER 00000naa$a2200000$$$4500
001 0074186
005 20230929121800.0
041 0 |a slo 
044 |a SK 
245 1 0 |a Manažment znalostí v podnikovej sfére  |c Anna Diačiková 
520 |a Kontroverznosť teórie v histórii manažmentu. Nejasné používanie terminológie. Hodnotový reťazec znalostného a rozhodovacieho procesu. Znalosti, inovácie, konkurencieschopnosť. Firemná kultúra a zdielanie znalostí. Reálne možnosti riadenia znalostí vo firemnej praxi. 
610 2 0 |a manažment 
610 2 0 |a riadenie znalostí 
610 2 0 |a prostredie podnikateľské 
610 2 0 |a inovácia 
610 2 0 |a konkurencieschopnosť 
610 2 0 |a terminológia 
610 2 0 |a kultúra podniková 
100 1 |a Diačiková, Anna